Oxford very first dictionary : (Record no. 6604)
[ view plain ]
| 000 -LEADER | |
|---|---|
| fixed length control field | 01321nam a22002657a 4500 |
| 001 - CONTROL NUMBER | |
| control field | 6604 |
| 003 - CONTROL NUMBER IDENTIFIER | |
| control field | FISKH |
| 005 - DATE AND TIME OF LATEST TRANSACTION | |
| control field | 20250513104057.0 |
| 008 - FIXED-LENGTH DATA ELEMENTS--GENERAL INFORMATION | |
| fixed length control field | 250513b cb ||||| |||| 00| 0 eng d |
| 020 ## - INTERNATIONAL STANDARD BOOK NUMBER | |
| International Standard Book Number | 9780192756824 |
| 040 ## - CATALOGING SOURCE | |
| Original cataloging agency | FISKH |
| Language of cataloging | eng |
| Transcribing agency | FISKH |
| Modifying agency | FISKH |
| 050 ## - LIBRARY OF CONGRESS CALL NUMBER | |
| Classification number | PE1629.O94 |
| 082 ## - DEWEY DECIMAL CLASSIFICATION NUMBER | |
| Classification number | 423.1 |
| 100 ## - MAIN ENTRY--PERSONAL NAME | |
| Personal name | Kirtley, Clare |
| 245 ## - TITLE STATEMENT | |
| Title | Oxford very first dictionary : |
| Remainder of title | Ideal for early reading / |
| Statement of responsibility, etc. | Compiled by Clare Kirtley ; Illustrated by Georgie Birkett |
| 260 ## - PUBLICATION, DISTRIBUTION, ETC. | |
| Place of publication, distribution, etc. | New York : |
| Name of publisher, distributor, etc. | Oxford, |
| Date of publication, distribution, etc. | 2012 |
| 300 ## - PHYSICAL DESCRIPTION | |
| Extent | 63 pages : |
| Other physical details | color illustrations ; |
| Dimensions | 24 cm |
| 505 ## - FORMATTED CONTENTS NOTE | |
| Formatted contents note | G<br/> |
| 520 ## - SUMMARY, ETC. | |
| Summary, etc. | The Oxford Very First Dictionary is illustrated in colour and aimed at readers aged 4+.* Over 300 headwords simply and clearly explained with full sentences* All headwords accompanied by a colour picture* Alphabet border on every page* Useful introduction and key on how to get the best out of the dictionary* Illustrated section at the back containing Words we write a lot, Verbs, Colours, Shapes, Days of the Week, Months of the Year, Numbers to Twenty and the Alphabet* Fulfils the NLS Requirements for Reception, YR1, YR2 and Scottish Guidelines P1-3 |
| 521 8# - TARGET AUDIENCE NOTE | |
| Target audience note | 370<br/> |
| Source | Lexile estimate<br/> |
| 521 8# - TARGET AUDIENCE NOTE | |
| Target audience note | G<br/> |
| Source | Raz-Plus<br/> |
| 650 ## - SUBJECT ADDED ENTRY--TOPICAL TERM | |
| Topical term or geographic name entry element | Vocabulary |
| Form subdivision | Dictionary |
| General subdivision | Words |
| 942 ## - ADDED ENTRY ELEMENTS (KOHA) | |
| Source of classification or shelving scheme | Dewey Decimal Classification |
| Koha item type | Books |
| Suppress in OPAC | No |
| Withdrawn status | Lost status | Source of classification or shelving scheme | Damaged status | Not for loan | Collection | Home library | Current library | Shelving location | Date acquired | Total Checkouts | Full call number | Barcode | Date due | Date last seen | Date last checked out | Copy number | Price effective from | Koha item type |
|---|---|---|---|---|---|---|---|---|---|---|---|---|---|---|---|---|---|---|
| Dewey Decimal Classification | Non-Fiction | Footprints International School Library Network Toul Kork Campus | Footprints International School Library Network Toul Kork Campus | TK Primary Library Room(4th Floor), Bookcase 7, Shelves 57-60, Dark Green Books | 05/13/2025 | 1 | KIR 423.1 PE1629.O94 | FISTKG1C049 | 09/03/2025 | 08/20/2025 | 08/20/2025 | 1 | 05/13/2025 | Books |
